[Event "New Delhi Parsvnath op-C 17th"]
[Site "New Delhi"]
[Date "2019.01.13"]
[Round "1.6"]
[White "Anzar, Ahmad Khan"]
[Black "Naga, Laxmi Seelam"]
[Result "1-0"]
[WhiteElo "1494"]
[BlackElo "1181"]
[PlyCount "73"]
[EventDate "2019.01.13"]
[EventType "swiss"]
[EventRounds "10"]
[EventCountry "IND"]
[SourceTitle "EXT 2024"]
[Source "ChessBase"]
[SourceDate "2023.10.10"]
[SourceVersion "1"]
[SourceVersionDate "2023.10.10"]
[SourceQuality "1"]

1. e4 e5 2. Nf3 Nc6 3. Bc4 Bc5 4. c3 Nf6 5. 0-0 d6 6. Re1 Bg4 7. h3 Bh5 8. a4 a6 9. d3 h6 10. Be3 Ba7 11. Bxa7 Nxa7 12. Na3 0-0 13. d4 Re8 14. Qd3 exd4 15. cxd4 Nc6 16. Nc2 Bg6 17. Nd2 d5 18. Ba2 dxe4 19. Qg3 Bh7 20. Qe3 Nd5 21. Qb3 Nf6 22. Qxf7+ Kh8 23. Qc4 Re7 24. Qc3 Qd6 25. Nc4 Qf4 26. Qe3 Qxe3 27. N4xe3 Rd8 28. Rad1 Red7 29. d5 Ne7 30. Nd4 Nexd5 31. Nxd5 Nxd5 32. Ne6 Nc3 33. Rxd7 Rxd7 34. bxc3 b6 35. Nf8 Re7 36. Nxh7 Kxh7 37. Rxe4 1-0